MARC details
| 000 -LEADER |
| campo de control de longitud fija |
01378am a2200505a 44500 |
| 003 - IDENTIFICADOR DE NÚMERO DE CONTROL |
| campo de control |
AR-BaBNM |
| 005 - FECHA Y HORA DE LA ÚLTIMA TRANSACCIÓN |
| campo de control |
20251128205715.0 |
| 008 - DATOS DE LONGITUD FIJA--INFORMACIÓN GENERAL |
| campo de control de longitud fija |
011101s1995 #AR|||||||||||000 | spa|| |
| 020 ## - NÚMERO INTERNACIONAL ESTÁNDAR DEL LIBRO |
| Número Internacional Estándar del Libro |
84-7738-202-6 |
| 040 ## - FUENTE DE CATALOGACIÓN |
| Centro/agencia transcriptor |
AR-BaBNM |
| 100 1# - ENTRADA PRINCIPAL--NOMBRE DE PERSONA |
| Nombre de persona |
Mayor, Juan |
| 245 10 - MENCIÓN DEL TÍTULO |
| Título |
Estrategias metacognitivas |
| Resto del título |
aprender a aprender y aprender a pensar |
| 260 ## - PUBLICACIÓN, DISTRIBUCIÓN, ETC. |
| Lugar de publicación, distribución, etc. |
Madrid |
| Nombre del editor, distribuidor, etc. |
Síntesis |
| Fecha de publicación, distribución, etc. |
1995 |
| 300 ## - DESCRIPCIÓN FÍSICA |
| Extensión |
272 p. |
| Otros detalles físicos |
gráfs., diagr., tablas |
| 490 #0 - MENCIÓN DE SERIE |
| Mención de serie |
Síntesis. Psicología |
| 504 ## - NOTA DE BIBLIOGRAFÍA, ETC. |
| Nota de bibliografía, etc. Nota |
Bibliografía: p. 241-272 |
| 600 14 - PUNTO DE ACCESO ADICIONAL DE MATERIA--NOMBRE DE PERSONA |
| Nombre de persona |
Wellman, H. M. |
| 600 14 - PUNTO DE ACCESO ADICIONAL DE MATERIA--NOMBRE DE PERSONA |
| Nombre de persona |
Flavell, J. H. |
| 650 #4 - PUNTO DE ACCESO ADICIONAL DE MATERIA--TÉRMINO DE MATERIA |
| Término de materia o nombre geográfico como elemento de entrada |
APRENDIZAJE |
| 650 #4 - PUNTO DE ACCESO ADICIONAL DE MATERIA--TÉRMINO DE MATERIA |
| Término de materia o nombre geográfico como elemento de entrada |
LENGUAJE |
| 650 #4 - PUNTO DE ACCESO ADICIONAL DE MATERIA--TÉRMINO DE MATERIA |
| Término de materia o nombre geográfico como elemento de entrada |
MEMORIA |
| 650 #4 - PUNTO DE ACCESO ADICIONAL DE MATERIA--TÉRMINO DE MATERIA |
| Término de materia o nombre geográfico como elemento de entrada |
COGNICION |
| 650 #4 - PUNTO DE ACCESO ADICIONAL DE MATERIA--TÉRMINO DE MATERIA |
| Término de materia o nombre geográfico como elemento de entrada |
PSICOLOGIA DE LA EDUCACION |
| 650 #4 - PUNTO DE ACCESO ADICIONAL DE MATERIA--TÉRMINO DE MATERIA |
| Término de materia o nombre geográfico como elemento de entrada |
DESARROLLO COGNOSCITIVO |
| 650 #4 - PUNTO DE ACCESO ADICIONAL DE MATERIA--TÉRMINO DE MATERIA |
| Término de materia o nombre geográfico como elemento de entrada |
PROCESO DEL PENSAMIENTO |
| 650 #4 - PUNTO DE ACCESO ADICIONAL DE MATERIA--TÉRMINO DE MATERIA |
| Término de materia o nombre geográfico como elemento de entrada |
AUTOAPRENDIZAJE |
| 650 #4 - PUNTO DE ACCESO ADICIONAL DE MATERIA--TÉRMINO DE MATERIA |
| Término de materia o nombre geográfico como elemento de entrada |
LECTURA |
| 650 #4 - PUNTO DE ACCESO ADICIONAL DE MATERIA--TÉRMINO DE MATERIA |
| Término de materia o nombre geográfico como elemento de entrada |
COMPRENSION |
| 650 #4 - PUNTO DE ACCESO ADICIONAL DE MATERIA--TÉRMINO DE MATERIA |
| Término de materia o nombre geográfico como elemento de entrada |
ATENCION |
| 650 #4 - PUNTO DE ACCESO ADICIONAL DE MATERIA--TÉRMINO DE MATERIA |
| Término de materia o nombre geográfico como elemento de entrada |
MEMORIA |
| 650 #4 - PUNTO DE ACCESO ADICIONAL DE MATERIA--TÉRMINO DE MATERIA |
| Término de materia o nombre geográfico como elemento de entrada |
ESCRITURA |
| 650 #4 - PUNTO DE ACCESO ADICIONAL DE MATERIA--TÉRMINO DE MATERIA |
| Término de materia o nombre geográfico como elemento de entrada |
ESTRATEGIAS DE APRENDIZAJE |
| 650 #4 - PUNTO DE ACCESO ADICIONAL DE MATERIA--TÉRMINO DE MATERIA |
| Término de materia o nombre geográfico como elemento de entrada |
INTELIGENCIA |
| 650 #4 - PUNTO DE ACCESO ADICIONAL DE MATERIA--TÉRMINO DE MATERIA |
| Término de materia o nombre geográfico como elemento de entrada |
PSICOLOGIA EVOLUTIVA |
| 650 #4 - PUNTO DE ACCESO ADICIONAL DE MATERIA--TÉRMINO DE MATERIA |
| Término de materia o nombre geográfico como elemento de entrada |
FAMILIA |
| 650 #4 - PUNTO DE ACCESO ADICIONAL DE MATERIA--TÉRMINO DE MATERIA |
| Término de materia o nombre geográfico como elemento de entrada |
EDUCACION ESPECIAL |
| 653 ## - TÉRMINO DE INDIZACIÓN--NO CONTROLADO |
| Término no controlado |
METACOGNICION |
| 653 ## - TÉRMINO DE INDIZACIÓN--NO CONTROLADO |
| Término no controlado |
APRENDER A APRENDER |
| 653 ## - TÉRMINO DE INDIZACIÓN--NO CONTROLADO |
| Término no controlado |
ORGANIZACION DEL TIEMPO ESCOLAR |
| 700 1# - ENTRADA AGREGADA--NOMBRE PERSONAL |
| Nombre de persona |
Suengas, Aurora |
| 700 1# - ENTRADA AGREGADA--NOMBRE PERSONAL |
| Nombre de persona |
González Márquez, Javier |
| 800 1# - PUNTO DE ACCESO ADICIONAL DE SERIE--NOMBRE DE PERSONA |
| Nombre de persona |
Mayor, Juan |
| Término indicativo de función/relación |
director |
| 942 ## - ELEMENTOS DE ENTRADA SECUNDARIOS (KOHA) |
| Tipo de ítem Koha |
Libros |
| 998 ## - INFORMACIÓN DE CONTROL LOCAL (RLIN) |
| Iniciales del catalogador, CIN (RLIN) |
arturo |